Lo rural es diverso: Evidencia para el caso de Costa Rica /
Este estudio plantea nuevas formas conceptuales y metodológicas para abordar la definición de lo rural en Costa Rica, con base en los datos de los censos de población desde 1973 al 2000 . Se comparó la definición utilizada por el Instituto Nacional de Estadísticas Y Censos (INEC) con otros cuatro cr...
Gardado en:
| Autor Principal: | |
|---|---|
| Outros autores: | |
| Formato: | Texto |
| Publicado: |
san José :
iica
|
| Materias: | |
| Etiquetas: |
Engadir etiqueta
Sen Etiquetas, Sexa o primeiro en etiquetar este rexistro!
|
MARC
| LEADER | 00000 a a2200000 04500 | ||
|---|---|---|---|
| 001 | 39532 | ||
| 003 | |||
| 040 | |||
| 020 | |a 978-92-9039-855-4 | ||
| 090 | |a cr-cidcacs: 1002 R696r | ||
| 100 | |a Rodríguez, Adrián | ||
| 245 | |a Lo rural es diverso: Evidencia para el caso de Costa Rica / |c Adrián Rodríguez | ||
| 260 | |a san José : |b iica | ||
| 300 | |a 207 P. | ||
| 300 | |b map. |b gráficas | ||
| 520 | |a Este estudio plantea nuevas formas conceptuales y metodológicas para abordar la definición de lo rural en Costa Rica, con base en los datos de los censos de población desde 1973 al 2000 . Se comparó la definición utilizada por el Instituto Nacional de Estadísticas Y Censos (INEC) con otros cuatro criterios alternativos. Se determinó que lo rural es multidimensional y heterogéneo, y se suele definir por el aislamiento, la baja densidad de población y la naturaleza de sus actividades económicas. Con lo anterior, se planteó que la Región Metropolitana es urbana, las regiones Pacífico Central Y Chorotega son mixtas o en procesos de transición, y las regiones Brunca, Huetar Atlántica Y Huetar Norte son rurales. | ||
| 650 | |a ZONAS RURALES | ||
| 650 | |a ZONAS URBANAS | ||
| 650 | |a TEORIA | ||
| 650 | |a COSTA RICA | ||
| 650 | |a POBLACION RURAL | ||
| 650 | |a ASENTAMIENTOS HUMANOS | ||
| 700 | |a saborío, Milagro | ||
| 999 | |c 13478 |d 13478 | ||



